000 00669nam a2200289Ia 4500
005 20260324115932.0
008 008 260324s9999 xx 000 0 eng d
020 _a9781315132846
037 _aEBOOK
040 _aCRL
040 _beng
040 _cCRL
041 _2eng
041 _aeng
084 _qCRL
100 _aDavid L. Phillips
_91156572
245 4 _aThe Kurdish Spring
245 2 _bA New Map of the Middle East
260 _bTaylor and Francis
260 _c2015
365 _a
365 _b230
856 _uhttp://www.taylorfrancis.com/books/9781315132846
942 _cEBOOK
999 _c1747827
_d1747827